00289nam a2200121Ia 4500008004100000082001600041100001800057245003200075250000800107260002600115300000800141650001800149150301s2014 xx 000 0 und d a617.7bC14K aKHURANA, A.K. aCOMPREHENSIVE OPHTHALMOLOGY a5TH bNEW AGE.aINDIAc2014 a637 aOPHTHALMOLOGY